|
|
|
|
| LEADER |
00810nam a2200193Ia 4500 |
| 001 |
TDMU_7358 |
| 008 |
210410s9999 xx 000 0 und d |
| 082 |
|
|
|a 371.3
|
| 090 |
|
|
|b Đ458
|
| 100 |
|
|
|a Đỗ, NgoÌ£c ĐaÌ£t
|
| 245 |
|
0 |
|a TiêÌp câÌ£n hiêÌ£n đaÌ£i hoaÌ£t đôÌ£ng daÌ£y vaÌ€ hoÌ£c
|
| 245 |
|
0 |
|c Đỗ NgoÌ£c ĐaÌ£t
|
| 260 |
|
|
|a H.
|
| 260 |
|
|
|b ĐaÌ£i hoÌ£c QuôÌc gia HaÌ€ NôÌ£i
|
| 260 |
|
|
|c 1997
|
| 300 |
|
|
|a 195tr.
|
| 650 |
|
|
|a HoaÌ£t đôÌ£ng daÌ£y hoÌ£c; DaÌ£y hoÌ£c; HoaÌ£t đôÌ£ng daÌ£y hoÌ£c; Phương phaÌp daÌ£y hoÌ£c
|
| 856 |
|
|
|u http://lrc.tdmu.edu.vn/opac/search/detail.asp?aID=2&ID=7358
|
| 980 |
|
|
|a Trung tâm Học liệu Trường Đại học Thủ Dầu Một
|